Building an Effective Franchising Network diplomová práca

Saved in:
Bibliographic Details
Main Author: Fábryová, Tímea
Corporate Author: Fakulta podnikového manažmentu EU. Katedra manažmentu
Other Authors: Procházková, Katarína, 1983-
Format: Book
Language:English
Published: Bratislava 2023
Tags: Add Tag
No Tags, Be the first to tag this record!

MARC

LEADER 00000nbm a2200000 4500
001 0293620
005 20240514082202.0
041 0 |a eng 
044 |a SK 
245 1 0 |a Building an Effective Franchising Network  |b diplomová práca  |c Tímea Fábryová ; školiteľ: Katarína Procházková 
264 1 |a Bratislava  |c 2023 
300 |a 89 s. 
100 1 |a Fábryová, Tímea 
700 1 |a Procházková, Katarína, 1983- 
710 2 |a Fakulta podnikového manažmentu EU. Katedra manažmentu